000 00572 a2200193 4500
999 _c4199
_d4199
010 _aENG-86124
020 _a8120331259
_c325.00
035 _aEN-69657
037 _bDBAD / PUB
082 1 4 _a658.3
100 1 _aSmith, Shawn
245 1 _aThe HR answer book /
_cby Shawn Smith and Rebecca Mazin
260 _aNew Delhi
_bPrentice Hall of India
_c2007
270 _aM-97, Cannaught Circus,
_bNew Delhi
_e110 001
300 _axii, 244 p.
_c23cm. (Hb.)
500 _aIncludes index
700 1 _aMazin, Rebecca
942 _adpl
_cEN
_k
_2ddc
_h658.3
_mSMI